[Event "Olympiad-40"]
[Site "Istanbul"]
[Date "2012.09.06"]
[Round "9.2"]
[White "Vazquez Reyes, Raul"]
[Black "Mensing, Fabio"]
[Result "1-0"]
[WhiteElo "2251"]
[BlackElo "2088"]
[PlyCount "39"]
[EventDate "2012.08.28"]
[EventType "team-swiss"]
[EventRounds "11"]
[EventCountry "TUR"]
[SourceTitle "CBM 151"]
[Source "ChessBase"]
[SourceDate "2012.11.13"]
[SourceVersion "1"]
[SourceVersionDate "2012.11.13"]
[SourceQuality "1"]
[WhiteTeam "Puerto Rico"]
[BlackTeam "Netherlands Antilles"]
[WhiteTeamCountry "PUR"]
[BlackTeamCountry "AHO"]

1. e4 d5 2. exd5 Qxd5 3. Nc3 Qd6 4. d4 Nf6 5. Nf3 a6 6. g3 Bg4 7. h3 Bh5 8. Bg2 Nc6 9. d5 Nb4 10. Bf4 e5 11. Bxe5 Bxf3 12. Bxd6 Bxd1 13. Bxf8 Rxf8 14. Rxd1 Nxc2+ 15. Ke2 a5 16. a3 0-0-0 17. Kd3 Nb4+ 18. axb4 axb4 19. Na2 c5 20. Rc1 1-0

[Event "Olympiad-38"]
[Site "Dresden"]
[Date "2008.11.21"]
[Round "8"]
[White "Rayes, Abdul Kader"]
[Black "Mensing, Fabio"]
[Result "1-0"]
[WhiteElo "2202"]
[BlackElo "2119"]
[PlyCount "144"]
[EventDate "2008.11.13"]
[EventType "team-swiss"]
[EventRounds "11"]
[EventCountry "GER"]
[SourceTitle "CBM 128"]
[Source "ChessBase"]
[SourceDate "2009.01.28"]
[SourceVersion "1"]
[SourceVersionDate "2009.01.28"]
[SourceQuality "1"]
[WhiteTeam "Syria"]
[BlackTeam "Netherlands Antilles"]
[WhiteTeamCountry "SYR"]
[BlackTeamCountry "AHO"]

1. g3 e5 2. c4 Nf6 3. Bg2 d5 4. cxd5 Nxd5 5. Nc3 Nb6 6. Nf3 Nc6 7. 0-0 Be7 8. d3 0-0 9. Bd2 Be6 10. Ne1 f6 11. f4 Qd7 12. Nf3 exf4 13. Bxf4 Rad8 14. Rc1 Nd5 15. Nxd5 Bxd5 16. a3 Bd6 17. Qa4 Bxf4 18. Qxf4 Rfe8 19. Rf2 Re7 20. Rc3 Qe8 21. e4 Be6 22. Bf1 Qd7 23. Be2 Qd6 24. Bd1 Bf7 25. Ba4 Be8 26. Bb3+ Bf7 27. Bxf7+ Rxf7 28. Qf5 Nd4 29. Nxd4 Qxd4 30. Qe6 Qd7 31. Qb3 c6 32. Qa4 a6 33. Qb4 Qd4 34. Qxd4 Rxd4 35. Kf1 Re7 36. Ke2 h6 37. g4 Rd8 38. h4 Re5 39. Rf5 Re7 40. Ke3 Kf7 41. h5 Re5 42. d4 Re6 43. a4 Rd7 44. a5 Rde7 45. Rf4 Ke8 46. Kd3 Kd7 47. Rc5 Re8 48. b4 Rd6 49. Rc3 Rde6 50. Rc2 R8e7 51. Re2 Kd6 52. Ke3 Kd7 53. Kf3 Kd6 54. Rf5 Re8 55. Kf4 R8e7 56. Rc5 Re8 57. Kf5 R8e7 58. Rc3 Re8 59. Rd3 R8e7 60. Kf4 Re8 61. d5 Re5 62. dxc6+ Kxc6 63. Rd5 Kc7 64. Rc2+ Kb8 65. Rc4 Rxd5 66. exd5 Re5 67. Rc5 Re7 68. d6 Rd7 69. Rd5 b6 70. axb6 Kb7 71. Kf5 Rd8 72. d7 Kxb6 1-0

[Event "Olympiad-38"]
[Site "Dresden"]
[Date "2008.11.17"]
[Round "5"]
[White "Mensing, Fabio"]
[Black "Khetho, Phemelo"]
[Result "0-1"]
[WhiteElo "2119"]
[BlackElo "2229"]
[PlyCount "66"]
[EventDate "2008.11.13"]
[EventType "team-swiss"]
[EventRounds "11"]
[EventCountry "GER"]
[SourceTitle "CBM 128"]
[Source "ChessBase"]
[SourceDate "2009.01.28"]
[SourceVersion "1"]
[SourceVersionDate "2009.01.28"]
[SourceQuality "1"]
[WhiteTeam "Netherlands Antilles"]
[BlackTeam "Botswana"]
[WhiteTeamCountry "AHO"]
[BlackTeamCountry "BOT"]

1. d4 Nf6 2. Nf3 g6 3. c4 Bg7 4. Nc3 d6 5. e4 0-0 6. h3 c5 7. d5 Re8 8. Bd3 e6 9. 0-0 exd5 10. cxd5 b6 11. Bf4 Ba6 12. a4 h6 13. Bxa6 Nxa6 14. Nd2 Nb4 15. Bh2 a6 16. Re1 Ra7 17. Nc4 Bf8 18. Qd2 Kh7 19. Kh1 Rb7 20. Rad1 b5 21. e5 bxc4 22. exf6 Rxe1+ 23. Rxe1 Nd3 24. Rb1 Qxf6 25. Kg1 Qd4 26. g4 Be7 27. Qe2 Bh4 28. Nd1 Qxd5 29. Ne3 Qe6 30. Qf3 Bxf2+ 31. Kg2 Rb3 32. Nd5 Bd4 33. g5 Rxb2+ 0-1

[Event "Olympiad-38"]
[Site "Dresden"]
[Date "2008.11.16"]
[Round "4"]
[White "Mensing, Fabio"]
[Black "Rowe, Duane"]
[Result "1-0"]
[WhiteElo "2119"]
[BlackElo "2203"]
[PlyCount "65"]
[EventDate "2008.11.13"]
[EventType "team-swiss"]
[EventRounds "11"]
[EventCountry "GER"]
[SourceTitle "CBM 128"]
[Source "ChessBase"]
[SourceDate "2009.01.28"]
[SourceVersion "1"]
[SourceVersionDate "2009.01.28"]
[SourceQuality "1"]
[WhiteTeam "Netherlands Antilles"]
[BlackTeam "Jamaica"]
[WhiteTeamCountry "AHO"]
[BlackTeamCountry "JAM"]

1. d4 Nf6 2. Nf3 e6 3. c4 c5 4. Nc3 a6 5. g3 cxd4 6. Nxd4 Be7 7. Bg2 0-0 8. 0-0 Qc7 9. Qa4 d6 10. Ndb5 Qd8 11. Rd1 Bd7 12. Bxb7 Ra7 13. Bg2 Rc7 14. Be3 Qc8 15. Qa5 axb5 16. cxb5 d5 17. Bf4 Rc4 18. a3 Bc5 19. Bf1 Qb7 20. Na2 Bb6 21. Qe1 Ne4 22. e3 Rc2 23. Bd3 Rxb2 24. Bxe4 dxe4 25. a4 Rb3 26. Nc1 Rd3 27. Nxd3 exd3 28. Rxd3 e5 29. a5 Bc5 30. Rc1 Bh3 31. e4 Qxb5 32. Rd5 Na6 33. Be3 1-0

[Event "Olympiad-38"]
[Site "Dresden"]
[Date "2008.11.13"]
[Round "1"]
[White "Quinones, Cesar Luis"]
[Black "Mensing, Fabio"]
[Result "1-0"]
[WhiteElo "2312"]
[BlackElo "2119"]
[PlyCount "67"]
[EventDate "2008.11.13"]
[EventType "team-swiss"]
[EventRounds "11"]
[EventCountry "GER"]
[SourceTitle "CBM 128"]
[Source "ChessBase"]
[SourceDate "2009.01.28"]
[SourceVersion "1"]
[SourceVersionDate "2009.01.28"]
[SourceQuality "1"]
[WhiteTeam "Guatemala"]
[BlackTeam "Netherlands Antilles"]
[WhiteTeamCountry "GUA"]
[BlackTeamCountry "AHO"]

1. e4 e5 2. Nf3 Nc6 3. Bb5 a6 4. Ba4 Nf6 5. 0-0 Be7 6. Re1 b5 7. Bb3 0-0 8. h3 d5 9. exd5 Nxd5 10. Nxe5 Nxe5 11. Rxe5 c6 12. d3 Bd6 13. Re1 Qh4 14. Qf3 Nf6 15. Nc3 Bb7 16. Ne4 Nxe4 17. Rxe4 Qd8 18. Re2 Qc7 19. Bd2 Rad8 20. Rae1 c5 21. Qg4 Qc6 22. Bc3 g6 23. f3 Bb8 24. Re6 Rd6 25. Re7 c4 26. dxc4 bxc4 27. Qxc4 Qb6+ 28. Kh1 Bd5 29. Qh4 Bxb3 30. Qh6 Rf6 31. Re8 Qd6 32. Rxf8+ Qxf8 33. Qxf8+ Kxf8 34. Bxf6 1-0

[Event "Olympiad-37"]
[Site "Turin"]
[Date "2006.05.29"]
[Round "8"]
[White "Mensing, Fabio"]
[Black "Ayyad, Maher"]
[Result "0-1"]
[WhiteElo "2127"]
[BlackElo "2104"]
[PlyCount "78"]
[EventDate "2006.05.21"]
[EventType "team-swiss"]
[EventRounds "13"]
[EventCountry "ITA"]
[SourceTitle "CBM 113"]
[Source "ChessBase"]
[SourceDate "2006.07.31"]
[SourceVersion "1"]
[SourceVersionDate "2006.07.31"]
[SourceQuality "1"]
[WhiteTeam "Netherlands Antilles"]
[BlackTeam "Bahrain"]
[WhiteTeamCountry "AHO"]
[BlackTeamCountry "BHN"]

1. Nf3 Nf6 2. c4 e6 3. b3 d5 4. Bb2 Bd6 5. e3 0-0 6. d4 b6 7. Nbd2 Bb7 8. Bd3 Nbd7 9. Qc2 Qe7 10. Ne5 Rfe8 11. 0-0 Nf8 12. f4 c5 13. Rac1 Rac8 14. Qb1 N6d7 15. Rce1 f6 16. Nxd7 Qxd7 17. cxd5 Bxd5 18. Ne4 Bxe4 19. Bxe4 Qc7 20. Kh1 cxd4 21. Bxd4 e5 22. fxe5 Bxe5 23. h3 Qe7 24. Bd5+ Kh8 25. Bc4 Bc7 26. Qf5 Ng6 27. Re2 Nh4 28. Qf2 Ng6 29. g4 Ne5 30. g5 fxg5 31. Bxe5 Qxe5 32. e4 Bd6 33. Qf5 Qe7 34. Rfe1 Rc5 35. Qg4 Bf4 36. Rd1 b5 37. Rd7 Qe5 38. Qh5 bxc4 39. Qf7 c3 0-1

[Event "Olympiad-37"]
[Site "Turin"]
[Date "2006.05.24"]
[Round "4"]
[White "Solomon, Kenny"]
[Black "Mensing, Fabio"]
[Result "1/2-1/2"]
[WhiteElo "2323"]
[BlackElo "2127"]
[PlyCount "84"]
[EventDate "2006.05.21"]
[EventType "team-swiss"]
[EventRounds "13"]
[EventCountry "ITA"]
[SourceTitle "CBM 113"]
[Source "ChessBase"]
[SourceDate "2006.07.31"]
[SourceVersion "1"]
[SourceVersionDate "2006.07.31"]
[SourceQuality "1"]
[WhiteTeam "South Africa"]
[BlackTeam "Netherlands Antilles"]
[WhiteTeamCountry "RSA"]
[BlackTeamCountry "AHO"]

1. Nf3 Nf6 2. c4 e6 3. Nc3 d5 4. d4 b6 5. Bg5 Be7 6. e3 0-0 7. Bd3 h6 8. Bh4 Bb7 9. 0-0 Nbd7 10. Qe2 c5 11. Bg3 Ne4 12. cxd5 Nxg3 13. hxg3 exd5 14. Rad1 Bf6 15. Bb1 Qe7 16. dxc5 Qxc5 17. Rc1 Rac8 18. Rfd1 Rfd8 19. a3 Qa5 20. Nd4 Qc5 21. Nf5 Ne5 22. Na2 Qf8 23. Nb4 Nc4 24. Nd4 Qe7 25. Bf5 Rc7 26. Bb1 a5 27. Na2 Nd6 28. Rxc7 Qxc7 29. Rc1 Qe7 30. Qd3 g6 31. Nc3 Nc4 32. Nd1 Ra8 33. Nb5 Bc6 34. Nd4 Bb7 35. Nb5 Bc6 36. Nbc3 Rd8 37. Ne2 Bb7 38. Nd4 Ra8 39. Nb5 Bc6 40. Nbc3 Rd8 41. Ne2 Bb7 42. Nd4 Ra8 1/2-1/2

[Event "Bridgetown Heroes Day-B"]
[Site "Bridgetown"]
[Date "2005.05.02"]
[Round "9"]
[White "Singh, Ravishen"]
[Black "Mensing, Fabio"]
[Result "1/2-1/2"]
[WhiteElo "2074"]
[BlackElo "2152"]
[PlyCount "96"]
[EventDate "2005.04.28"]
[EventType "tourn"]
[EventRounds "9"]
[EventCountry "BAR"]
[SourceTitle "CBM 106 Extra"]
[Source "ChessBase"]
[SourceDate "2005.07.01"]
[SourceVersion "1"]
[SourceVersionDate "2005.07.01"]
[SourceQuality "1"]

1. e4 c5 2. Nf3 g6 3. d4 cxd4 4. Nxd4 Bg7 5. Nc3 Nc6 6. Be3 Nf6 7. f3 d5 8. Bb5 0-0 9. Nxc6 bxc6 10. Bxc6 Rb8 11. 0-0 Qc7 12. Nxd5 Nxd5 13. Bxd5 Ba6 14. Rf2 Rfd8 15. Rd2 Bxb2 16. Rb1 Be5 17. Rxb8 Rxb8 18. g3 Bc3 19. Rg2 Bc4 20. Rf2 a5 21. Bf4 e5 22. Be3 Rd8 23. Kg2 Bxa2 24. Qd3 Kg7 25. f4 Bxd5 26. exd5 f5 27. Rf1 a4 28. Rd1 a3 29. Bb6 e4 30. Bd4+ Bxd4 31. Qxd4+ Kf7 32. c4 a2 33. c5 Qa7 34. d6 Rxd6 35. Qxd6 a1Q 36. Rxa1 Qxa1 37. Qd7+ Kf6 38. c6 Qb2+ 39. Kh3 Qe2 40. Qd4+ Kf7 41. Qd7+ Kf6 42. Qd4+ Kf7 43. c7 Qg4+ 44. Kg2 Qf3+ 45. Kg1 e3 46. Qc4+ Kg7 47. Qc2 e2 48. Qc1 Qc6 1/2-1/2

[Event "Curacao op"]
[Site "Willemstad"]
[Date "2003.11.02"]
[Round "8"]
[White "Mensing, Fabio"]
[Black "Haag, Martin"]
[Result "0-1"]
[WhiteElo "2157"]
[BlackElo "2324"]
[PlyCount "76"]
[EventDate "2003.10.25"]
[EventType "swiss"]
[EventRounds "9"]
[EventCountry "AHO"]
[SourceTitle "EXT 2004"]
[Source "ChessBase"]
[SourceDate "2003.11.25"]
[SourceVersion "1"]
[SourceVersionDate "2003.11.25"]
[SourceQuality "1"]

1. d4 d5 2. c4 Nc6 3. Nf3 Bg4 4. Nc3 e6 5. cxd5 exd5 6. e3 Bb4 7. a3 Bxc3+ 8. bxc3 Nf6 9. Bb5 Bd7 10. Nd2 0-0 11. 0-0 Re8 12. Nb3 Nb8 13. Bd3 Ba4 14. Rb1 Nc6 15. Qe1 Bxb3 16. Rxb3 Na5 17. Rb2 c5 18. f3 Rc8 19. Qh4 b6 20. g4 g6 21. e4 dxe4 22. Bg5 exd3 23. Bxf6 Qd6 24. f4 cxd4 25. cxd4 Rc2 26. Rb5 Ree2 27. Be5 Rg2+ 28. Kh1 Rxh2+ 29. Qxh2 Rxh2+ 30. Kxh2 Qd7 31. Rfb1 Nc4 32. R5b3 f6 33. Rc3 fxe5 34. Rxc4 e4 35. Rbc1 Qxg4 36. Rc8+ Kg7 37. R8c7+ Kh6 38. d5 d2 0-1

[Event "Curacao op"]
[Site "Willemstad"]
[Date "2003.10.25"]
[Round "1"]
[White "Mensing, Fabio"]
[Black "Timman, Jan H"]
[Result "0-1"]
[WhiteElo "2157"]
[BlackElo "2578"]
[PlyCount "54"]
[EventDate "2003.10.25"]
[EventType "swiss"]
[EventRounds "9"]
[EventCountry "AHO"]
[SourceTitle "EXT 2004"]
[Source "ChessBase"]
[SourceDate "2003.11.25"]
[SourceVersion "1"]
[SourceVersionDate "2003.11.25"]
[SourceQuality "1"]

1. d4 Nf6 2. Nf3 g6 3. Bf4 Bg7 4. e3 d6 5. h3 0-0 6. Be2 c5 7. c3 Be6 8. dxc5 dxc5 9. Qxd8 Rxd8 10. Nbd2 Nc6 11. Ng5 Bd7 12. Bc7 Rdc8 13. Bh2 h6 14. Ngf3 Nd5 15. 0-0 Nb6 16. Nb3 Na4 17. Bb5 Ne5 18. Bxd7 Nxd7 19. Rab1 c4 20. Nbd4 Ndc5 21. Nb5 a6 22. Nc7 Ra7 23. Nd5 b5 24. Rfc1 Nd3 25. Rc2 Rd7 26. Nb4 Nxb4 27. cxb4 Bxb2 0-1

[Event "Budapest FS05 FM"]
[Site "Budapest"]
[Date "2003.??.??"]
[Round "13"]
[White "Mensing, Fabio"]
[Black "Hoang, Tri"]
[Result "1/2-1/2"]
[WhiteElo "2170"]
[BlackElo "2040"]
[PlyCount "67"]
[EventDate "2003.05.03"]
[EventType "tourn"]
[EventRounds "13"]
[EventCountry "HUN"]
[SourceTitle "CBM 094 Extra"]
[Source "ChessBase"]
[SourceDate "2003.07.09"]
[SourceVersion "2"]
[SourceVersionDate "2003.07.09"]
[SourceQuality "1"]

1. d4 d5 2. c4 c6 3. e3 Nf6 4. Nf3 g6 5. Nc3 Bg7 6. Be2 0-0 7. 0-0 e6 8. Qc2 Nbd7 9. Rd1 Re8 10. e4 dxe4 11. Nxe4 Nxe4 12. Qxe4 Qb6 13. b3 e5 14. Bb2 Nf6 15. Qh4 exd4 16. Bxd4 c5 17. Be5 Re6 18. Bf1 Bd7 19. Bb2 h6 20. Ne5 Bc6 21. f4 Rae8 22. Re1 Qc7 23. Nd3 Be4 24. Be5 Qe7 25. Nf2 Bc6 26. Red1 Ne4 27. Qxe7 R6xe7 28. Ng4 f6 29. Bb2 h5 30. Nf2 Nxf2 31. Kxf2 f5 32. Bxg7 Kxg7 33. Rd3 Re4 34. g3 1/2-1/2

[Event "Budapest FS05 FM"]
[Site "Budapest"]
[Date "2003.??.??"]
[Round "7"]
[White "Mensing, Fabio"]
[Black "Pohl, Walter"]
[Result "1/2-1/2"]
[WhiteElo "2170"]
[BlackElo "2150"]
[PlyCount "32"]
[EventDate "2003.05.03"]
[EventType "tourn"]
[EventRounds "13"]
[EventCountry "HUN"]
[SourceTitle "CBM 094 Extra"]
[Source "ChessBase"]
[SourceDate "2003.07.09"]
[SourceVersion "2"]
[SourceVersionDate "2003.07.09"]
[SourceQuality "1"]

1. d4 c5 2. d5 e5 3. e4 d6 4. c4 Be7 5. Be2 Bg5 6. Nd2 Ne7 7. h4 Bh6 8. g4 Bf4 9. Nh3 Bxd2+ 10. Bxd2 0-0 11. h5 b5 12. cxb5 a6 13. a4 Bd7 14. Kf1 Qc8 15. b4 axb5 16. bxc5 Qxc5 1/2-1/2

[Event "Budapest FS05 FM"]
[Site "Budapest"]
[Date "2003.??.??"]
[Round "12"]
[White "Pinkus, Lutz"]
[Black "Mensing, Fabio"]
[Result "1-0"]
[WhiteElo "2155"]
[BlackElo "2170"]
[PlyCount "55"]
[EventDate "2003.05.03"]
[EventType "tourn"]
[EventRounds "13"]
[EventCountry "HUN"]
[SourceTitle "CBM 094 Extra"]
[Source "ChessBase"]
[SourceDate "2003.07.09"]
[SourceVersion "2"]
[SourceVersionDate "2003.07.09"]
[SourceQuality "1"]

1. e4 e5 2. Nc3 c6 3. d4 d6 4. Nf3 Nd7 5. Bc4 Be7 6. dxe5 dxe5 7. g4 Qc7 8. g5 Bc5 9. Rg1 Nf8 10. h4 Be6 11. Bb3 b5 12. Qe2 Bxb3 13. axb3 Ne6 14. Be3 Nd4 15. Qd1 0-0-0 16. Bxd4 exd4 17. Ne2 Bb4+ 18. Kf1 Qd7 19. Qd3 Qh3+ 20. Rg2 Qd7 21. Nexd4 Bc5 22. c3 h6 23. Ne5 Qc7 24. Qh3+ Kb7 25. Nexc6 Re8 26. Qd3 a6 27. Rxa6 Qf4 28. Na5+ 1-0

[Event "Olympiad-35"]
[Site "Bled"]
[Date "2002.10.30"]
[Round "5.2"]
[White "Gajadin, Dewperkash"]
[Black "Mensing, Fabio"]
[Result "1-0"]
[WhiteElo "2192"]
[BlackElo "2200"]
[PlyCount "41"]
[EventDate "2002.10.26"]
[EventType "team-swiss"]
[EventRounds "14"]
[EventCountry "SLO"]
[SourceTitle "EXT 2003"]
[Source "ChessBase"]
[SourceDate "2002.11.25"]
[SourceVersion "1"]
[SourceVersionDate "2002.11.25"]
[SourceQuality "1"]
[WhiteTeam "Surinam"]
[BlackTeam "Netherlands Antilles"]
[WhiteTeamCountry "SUR"]
[BlackTeamCountry "AHO"]

1. e4 Nf6 2. e5 Nd5 3. c4 Nb6 4. d4 d6 5. f4 dxe5 6. fxe5 Nc6 7. Be3 Bf5 8. Nf3 e6 9. Be2 Qd7 10. Nc3 Bb4 11. 0-0 Bxc3 12. bxc3 Na5 13. Nd2 Rc8 14. Qe1 c5 15. Qg3 Bg6 16. h4 cxd4 17. cxd4 h5 18. Rac1 Rc7 19. Kh1 Qc8 20. Ne4 Qd7 21. Nd6+ 1-0

[Event "Olympiad-35"]
[Site "Bled"]
[Date "2002.10.26"]
[Round "1.3"]
[White "Mensing, Fabio"]
[Black "Bui, Vinh"]
[Result "0-1"]
[WhiteElo "2200"]
[BlackElo "2459"]
[PlyCount "80"]
[EventDate "2002.10.26"]
[EventType "team-swiss"]
[EventRounds "14"]
[EventCountry "SLO"]
[SourceTitle "EXT 2003"]
[Source "ChessBase"]
[SourceDate "2002.11.25"]
[SourceVersion "1"]
[SourceVersionDate "2002.11.25"]
[SourceQuality "1"]
[WhiteTeam "Netherlands Antilles"]
[BlackTeam "Vietnam"]
[WhiteTeamCountry "AHO"]
[BlackTeamCountry "VIE"]

1. Nf3 d5 2. d4 c6 3. g3 Nf6 4. Bg2 Bf5 5. 0-0 h6 6. c4 e6 7. b3 Be7 8. Bb2 0-0 9. Nbd2 Nbd7 10. Re1 Ne4 11. Nxe4 Bxe4 12. Nd2 Bxg2 13. Kxg2 Nf6 14. Qc2 Qa5 15. a3 Rfd8 16. b4 Qc7 17. cxd5 exd5 18. Rac1 Qd7 19. Nb3 Re8 20. Nd2 Bd6 21. f3 Re3 22. Nf1 Re6 23. e4 dxe4 24. fxe4 Rae8 25. Nd2 Bf8 26. e5 Nd5 27. Ne4 Rg6 28. Nf2 Be7 29. Rcd1 h5 30. Bc1 Bd8 31. Ne4 h4 32. Nd6 Rf8 33. Rf1 Qe6 34. Qf5 hxg3 35. hxg3 b6 36. Rh1 Bg5 37. Qf3 Bh6 38. Nf5 Bxc1 39. Nh4 Bh6 40. Nxg6 fxg6 0-1